[Event "Spring Festival"]
[Site "Budapest HUN"]
[Date "2008.03.24"]
[Round "4"]
[White "Berente,A"]
[Black "Horvath,Je"]
[Result "1/2-1/2"]
[WhiteElo "1934"]
[BlackElo "2113"]

1.e4 c5 2.Nf3 e6 3.d4 cxd4 4.Nxd4 a6 5.Bd3 Nc6 6.Be3 Nge7 7.O-O g6 8.Nd2 Bg7
9.c3 d5 10.N4b3 O-O 11.a4 b6 12.Qe2 Qc7 13.f3 Rd8 14.Qf2 Rb8 15.Qe2 Ra8 16.Qf2  1/2-1/2

[Event "2nd Agzamov Memorial"]
[Site "Tashkent UZB"]
[Date "2008.03.24"]
[Round "5"]
[White "Tillyaev,U"]
[Black "Filippov,An UZB"]
[Result "0-1"]
[WhiteElo "2058"]
[BlackElo "2502"]

1.e4 c5 2.Nf3 e6 3.d4 cxd4 4.Nxd4 a6 5.Bd3 Qc7 6.O-O Nf6 7.Nc3 b5 8.a3 Bb7
9.Qe2 d6 10.f4 Nbd7 11.Kh1 Be7 12.Bd2 Nc5 13.b4 Nxd3 14.cxd3 Rc8 15.Rac1 Qb8
16.e5 dxe5 17.fxe5 Nd5 18.Qg4 Qxe5 19.Nf3 h5 20.Nxe5 hxg4 21.Nxd5 Rxc1 22.Rxc1 exd5
23.Nxg4 Bd6 24.Re1+ Kd7 25.h3 f6 26.d4 Rc8 27.Ne3 Bf4 28.Rc1 Re8 29.Rc3 Re4
30.Rd3 Bc7 31.Kg1 g6 32.Kf2 f5 33.Nc2 Bd8 34.Na1 Bf6 35.Nb3 Kd6 36.g3 g5
37.Bc3 Bc8 38.Nc5 Re8 39.Rf3 Bd8 40.Bd2 Rg8 41.Kg2 Bf6 42.Be3 Re8 43.Kf2 Re7
44.Nd3 Rc7 45.Ne5 Ra7 46.Ke2 Rh7 47.g4 f4 48.Bg1 Re7 49.Kd2 Ra7 50.Rc3 Rh7
51.Rd3 Bd8 52.Rc3 Rh8 53.Bf2 Bb6 54.Nd3 Bd7 55.Ne5 Rh7 56.Bg1 Bc7 57.Nxd7 Kxd7
58.Bf2 Bd6 59.Rb3 Rh8 60.Rc3 Re8 61.Rb3 Rh8 62.Kd1 Re8 63.Be1 Rc8 64.Rc3 Rc4
65.Rd3 Be7 66.Bc3 a5 67.bxa5 Bxa3 68.Be1 Be7 69.Ke2 Rc2+ 70.Kf1 Kc6 71.Bd2 b4
72.h4 Kb5 73.h5 Kc4 74.Ke2 b3 75.a6 b2 76.a7 b1=Q 77.a8=Q f3+ 78.Rxf3 Rxd2+
79.Kxd2 Bb4+ 80.Rc3+ Bxc3+ 81.Ke2 Qd3+ 82.Kf2 Bxd4+ 83.Kg2 Qe2+ 84.Kh3 Qf1+  0-1

[Event "3rd Open"]
[Site "Kolkata IND"]
[Date "2008.03.25"]
[Round "2"]
[White "Barua,D"]
[Black "Prathamesh,S"]
[Result "1-0"]
[WhiteElo "2491"]
[BlackElo "2371"]

1.e4 c5 2.Nf3 e6 3.d4 cxd4 4.Nxd4 a6 5.Bd3 Nf6 6.Qe2 d6 7.O-O Qc7 8.c4 g6
9.Nc3 Bg7 10.Rd1 O-O 11.h3 Nbd7 12.Nf3 b6 13.Bg5 Bb7 14.Rac1 Rac8 15.b3 Rfe8
16.Bb1 Qb8 17.Qd2 Bf8 18.Bh6 Be7 19.Nd4 Ba8 20.Re1 Nh5 21.a4 Nc5 22.Bc2 Bf6
23.Rcd1 Rcd8 24.Bg5 Kg7 25.h4 Bxg5 26.hxg5 e5 27.Nf3 a5 28.Rb1 Bc6 29.b4 axb4
30.Rxb4 Qc7 31.Reb1 Rb8 32.Qe3 Rb7 33.Nh2 Ra8 34.Ng4 Qd8 35.g3 Bd7 36.Bd1 Ne6
37.Rxb6 Rxb6 38.Qxb6 Qxb6 39.Rxb6 Nxg5 40.Ne3 Nf6 41.Rxd6 Be8 42.f3 Ne6 43.Ned5 Nd7
44.Nb5 Rc8 45.Be2 Ndc5 46.Nb6 Rc6 47.Bd1 Nd4 48.Rd5 f6 49.Nxd4 exd4 50.a5 d3
51.Kf2 Bf7 52.Rd8 Nb7 53.a6 Rxb6 54.a7 Nxd8 55.a8=Q Nc6 56.c5 Rb2+ 57.Ke3 Ne5
58.c6 Nc4+ 59.Kd4 Nb6 60.Qb7 Na4 61.Bxa4  1-0

[Event "2nd Agzamov Memorial"]
[Site "Tashkent UZB"]
[Date "2008.03.25"]
[Round "6"]
[White "Mustafaev,J"]
[Black "Fedorov,Alex"]
[Result "1/2-1/2"]
[WhiteElo "2286"]
[BlackElo "2607"]

1.e4 c5 2.Nf3 e6 3.d4 cxd4 4.Nxd4 a6 5.Bd3 Bc5 6.Nb3 Be7 7.O-O d6 8.a4 b6
9.Qg4 g6 10.f4 Nd7 11.N1d2 Ngf6 12.Qe2 Qc7 13.Nf3 Bb7 14.Bd2 O-O 15.Rae1 d5
16.exd5 Nxd5 17.Ng5 N7f6 18.Kh1 Bd6 19.Qf2 Nh5 20.Qh4 Bxf4 21.Nxh7 Kxh7 22.Qxh5+ Kg7
23.Qg4 e5 24.Nd4 Bc8 25.Bxf4 Nxf4 26.Qg3 Re8 27.Be4 Rb8 28.Nc6 Bd7 29.Nxb8 Rxb8
30.Qa3 Be6 31.b4 Rc8 32.Qa1 Kg8 33.Bd3 Bd5 34.Rxf4 exf4 35.Qf6 Qc6 36.Qxc6 Rxc6
37.Kg1 Kf8 38.Kf2 Rc3 39.Bxa6 Bc6 40.Bd3 Bxa4 41.Re2 g5 42.g3 fxg3+ 43.hxg3 Bc6
44.Ke3 Bb5 45.Kd4 Bxd3 46.cxd3 Rc1 47.Re5 f6 48.Re6 Kf7 49.Rxb6 Rg1 50.Rb8 Rxg3
51.b5 Rg1 52.b6 Rb1 53.b7  1/2-1/2

[Event "Spring Festival"]
[Site "Budapest HUN"]
[Date "2008.03.27"]
[Round "7"]
[White "Trajber,C"]
[Black "Torok,T1"]
[Result "1/2-1/2"]
[WhiteElo "2126"]
[BlackElo "2051"]

1.e4 c5 2.Nf3 e6 3.d4 cxd4 4.Nxd4 a6 5.Bd3 Bc5 6.Nb3 Be7 7.Qg4 Bf6 8.Qe2 d6
9.c3 Nc6 10.f4 Nge7 11.Be3 e5 12.f5 d5 13.Qf2 d4 14.cxd4 exd4 15.Bf4 Ne5
16.Bxe5 Bxe5 17.N1d2 Nc6 18.O-O O-O 19.Rad1 Qd6 20.Nf3 Bf6 21.Bb1 Rd8 22.Rd2 b5
23.Rfd1 Qb4 24.Qg3 Qe7 25.Qf2 Bb7 26.Re1 Be5 27.Nbxd4 Nxd4 28.Nxd4 Qd6 29.Nf3 Bxh2+
30.Kh1 Qf4 31.Red1 Rxd2 32.Rxd2 Bg3 33.Qb6 Qc7 34.Qxc7 Bxc7 35.Rd7 Rc8 36.Rd1 Bf4
37.Kg1 Kf8 38.Kf2 Rc4 39.g3 Bc7 40.Ke3 f6 41.g4 Ke7 42.g5 g6 43.fxg6 hxg6
44.gxf6+ Kxf6 45.Nd2 Bb6+ 46.Kf3 Rd4 47.Ke2 Bc8 48.Rf1+ Ke7 49.Rh1 Bg4+ 50.Nf3 Rb4
51.b3 a5 52.Rh7+ Kd6 53.Rg7 Bh5 54.e5+ Kd5 55.Bxg6 Bxf3+ 56.Kxf3 Kxe5  1/2-1/2

[Event "Spring Open"]
[Site "Belgrade SCG"]
[Date "2008.03.29"]
[Round "5"]
[White "Zivkovic,Drago"]
[Black "Pucarevic,M"]
[Result "1-0"]
[WhiteElo "2086"]
[BlackElo "2227"]

1.e4 c5 2.Nf3 e6 3.d4 cxd4 4.Nxd4 a6 5.Bd3 Nf6 6.O-O d6 7.Be3 Qc7 8.a4 Nc6
9.Nxc6 bxc6 10.f4 Bb7 11.Nd2 Be7 12.g4 h5 13.g5 Ng4 14.Qe2 c5 15.c4 g6 16.h3 Nxe3
17.Qxe3 O-O-O 18.Rae1 Rde8 19.Nf3 Qc6 20.b3 Bd8 21.Qd2 Qb6 22.Bc2 Bc7 23.h4 Qb4
24.Qxb4 cxb4 25.Nd2 Bb6+ 26.Kh2 Bd4 27.Nf3 Bc3 28.Rd1 Rd8 29.Kg3 Kc7 30.Nd4 Rhe8
31.Ne2 Bg7 32.Kf3 e5 33.Ke3 f5 34.gxf6 Bxf6 35.fxe5 Bxe5 36.Rf7+ Rd7 37.Rdf1 Ree7
38.Rxe7 Rxe7 39.Nf4 Bxf4+ 40.Rxf4 Rg7 41.Kd4 g5 42.hxg5 Rxg5 43.Rf7+ Kc6
44.Rh7 Bc8 45.Rh6 Bd7 46.Bd3 Kc7 47.Rh7 a5 48.Be2 Rg3 49.Bxh5 Kc6 50.Bf7 Bc8
51.Bd5+ Kb6 52.Rh6 Kc7 53.c5 dxc5+ 54.Kxc5 Bd7 55.Ra6 Rc3+ 56.Bc4 Kb7 57.Rxa5 Bc6  1-0

[Event "KNSB TCh-NED 2007-8"]
[Site "Netherlands NED"]
[Date "2008.03.29"]
[Round "8"]
[White "Van Haastert,E"]
[Black "Werle,J"]
[Result "1/2-1/2"]
[WhiteElo "2416"]
[BlackElo "2570"]

1.e4 c5 2.Nf3 e6 3.d4 cxd4 4.Nxd4 a6 5.Bd3 Nf6 6.O-O Qc7 7.Qe2 d6 8.c4 g6
9.Rd1 Bg7 10.Nf3 Nc6 11.Bf4 Nh5 12.Be3 O-O 13.Nc3 Bxc3 14.bxc3 e5 15.c5 dxc5
16.Bxc5 Nf4 17.Qe3 Re8 18.Bc4 Be6  1/2-1/2

[Event "KNSB TCh-NED 2007-8"]
[Site "Netherlands NED"]
[Date "2008.03.29"]
[Round "8"]
[White "Van Beek,Al"]
[Black "Lemmers,O"]
[Result "1/2-1/2"]
[WhiteElo "2334"]
[BlackElo "2386"]

1.e4 c5 2.Nf3 e6 3.d4 cxd4 4.Nxd4 a6 5.Bd3 Bc5 6.Nb3 Ba7 7.Qg4 Qf6 8.f4 Nh6
9.Qf3 Qh4+ 10.g3 Qg4 11.Be2 Qxf3 12.Bxf3 Nc6 13.N1d2 d5 14.e5 Bd7 15.Nf1 Nb4
16.Kd1 Nf5 17.Bd2 Nc6 18.c3 g5 19.Ke2 gxf4 20.gxf4 Nh4 21.Bh5 Ne7 22.Nd4 Bxd4
23.cxd4 Rc8 24.Ne3 Nhf5 25.Bc3 Bb5+ 26.Kd2 Nxe3 27.Kxe3 Nf5+ 28.Kd2 Nh4 29.Rhg1 Ng6
30.Ke3 Ba4 31.Rac1 Kd7 32.Rgf1 Nh4 33.Bxf7 Rcf8 34.Bh5 Ng2+ 35.Kd2  1/2-1/2

[Event "FKB ch-USA Qualifier"]
[Site "Tulsa USA"]
[Date "2008.03.29"]
[Round "3"]
[White "Jones,K"]
[Black "Jamison,C"]
[Result "1/2-1/2"]
[WhiteElo "2187"]
[BlackElo "1979"]

1.e4 c5 2.Nf3 e6 3.d4 cxd4 4.Nxd4 a6 5.Bd3 Nc6 6.Nxc6 bxc6 7.O-O Qc7 8.Qe2 d6
9.c4 Nf6 10.Nc3 Be7 11.b3 O-O 12.f4 e5 13.fxe5 dxe5 14.Na4 Rd8 15.h3 Be6
16.Be3 Nd7 17.c5 a5 18.Rac1 Rab8 19.Bc4 Nf8 20.Rfd1 Bxc4 21.Qxc4 Rb4 22.Qc2 Ne6
23.Rxd8+ Qxd8 24.Kh1 Bg5 25.Rd1 Nd4 26.Qd2 Bxe3 27.Qxe3 Qe7 28.Nb2 h6 29.Nd3 Rb5
30.Nxe5 Qxe5 31.Qxd4  1/2-1/2

[Event "TCh-HUN 2007-8"]
[Site "Budapest HUN"]
[Date "2008.03.30"]
[Round "9"]
[White "Hajnal,Z"]
[Black "Horvath,Cs1"]
[Result "1/2-1/2"]
[WhiteElo "2381"]
[BlackElo "2536"]

1.e4 c5 2.Nf3 e6 3.d4 cxd4 4.Nxd4 a6 5.Bd3 Nf6 6.O-O Qc7 7.Qe2 d6 8.c4 Nbd7
9.b3 g6 10.Be3 Bg7 11.Nc3 O-O 12.Rac1 b6 13.f3 Bb7 14.Rfd1 Rac8 15.Qf2  1/2-1/2

[Event "FKB ch-USA Qualifier"]
[Site "Tulsa USA"]
[Date "2008.03.30"]
[Round "6"]
[White "Kudrin,S"]
[Black "Bercys,S"]
[Result "1/2-1/2"]
[WhiteElo "2566"]
[BlackElo "2421"]

1.e4 c5 2.Nf3 e6 3.d4 cxd4 4.Nxd4 a6 5.Bd3 Bc5 6.Nb3 Ba7 7.Qe2 Ne7 8.Be3 Nbc6
9.N1d2 e5 10.O-O-O d6 11.h4 b5 12.Kb1  1/2-1/2

[Event "Sozina Open"]
[Site "Bar MNE"]
[Date "2008.04.02"]
[Round "6"]
[White "Marinkovic,Sl"]
[Black "Stojanovic,Da"]
[Result "1/2-1/2"]
[WhiteElo "2373"]
[BlackElo "2496"]

1.e4 c5 2.Nf3 e6 3.d4 cxd4 4.Nxd4 a6 5.Bd3 Bc5 6.Nb3 Ba7 7.Qe2 Nc6 8.Be3 d6
9.O-O Nge7 10.f4 Ng6 11.g3 O-O 12.c3 b5 13.N1d2 Re8 14.Bxa7 Rxa7 15.Qf2 Rc7
16.Rad1 Bb7 17.a3 Qe7 18.Nf3 Nf8 19.Bb1 e5 20.f5 Nb8 21.Rd2 Nbd7 22.Rfd1 Nf6
23.Qe2 Rd7 24.Na5 Ba8 25.c4 Qd8 26.b4 Qb6+ 27.Kf1 g6 28.fxg6 hxg6 29.Ng5 Qd8
30.Nh3 bxc4 31.Nxc4 d5 32.exd5 Nxd5 33.Qf2 Qc8 34.Ba2 Ree7 35.Ng5 e4 36.Ne3 Nxe3+
37.Qxe3 Rxd2 38.Rxd2 Kg7 39.Nxf7 Rxf7+ 40.Bxf7 Kxf7 41.Rf2+ Ke6 42.Qb6+ Bc6
43.Rc2 Kd7 44.Qd4+ Ke6  1/2-1/2

[Event "Spring Open"]
[Site "Belgrade SCG"]
[Date "2008.04.02"]
[Round "9"]
[White "Ravic,N"]
[Black "Jovicic,R"]
[Result "1-0"]
[WhiteElo "2172"]
[BlackElo "2288"]

1.e4 c5 2.Nf3 e6 3.d4 cxd4 4.Nxd4 a6 5.Bd3 Nc6 6.Nxc6 dxc6 7.Be3 e5 8.Nd2 Nf6
9.f3 Be7 10.a4 O-O 11.O-O Be6 12.Bc4 Qc8 13.a5 Bxc4 14.Nxc4 Qe6 15.Qd3 Rad8
16.Qc3 Nd7 17.Rad1 f6 18.Nb6 Rfe8 19.Na4 Nf8 20.Bb6 Rxd1 21.Rxd1 Nd7 22.Be3 Nf8
23.Nc5 Bxc5 24.Bxc5 Ng6 25.g3 h5 26.Rd6 Qa2 27.h4 Nf8 28.Kg2 Qf7 29.Qd3 Kh7
30.Be3 Qa2 31.b4 Re7 32.Rd8 Ne6 33.Rb8 Nd4 34.Bxd4 Rd7 35.Qe2 exd4 36.f4 Qf7  1-0

[Event "TCh-RUS w"]
[Site "Dagomys RUS"]
[Date "2008.04.02"]
[Round "1"]
[White "Kovanova,B"]
[Black "Sharevich,A"]
[Result "1/2-1/2"]
[WhiteElo "2372"]
[BlackElo "2311"]

1.e4 c5 2.Nf3 e6 3.d4 cxd4 4.Nxd4 a6 5.Bd3 Nf6 6.O-O Qc7 7.c4 Nc6 8.Nxc6 dxc6
9.Be3 e5 10.h3 Be6 11.Nc3 Be7 12.Rc1 Qd7 13.Qc2 b5 14.Rfd1 Qb7 15.Ne2 O-O
16.Ng3 Rfd8 17.Nf5 Bxf5 18.exf5 bxc4 19.Bxc4 Nd5 20.Bd2 a5 21.Bb3 Rdc8 22.Ba4 Ra6
23.Be3 Nxe3 24.fxe3 Qb6 25.Qe4 Qxb2 26.Bb3 Rf8 27.Rc2 Qa3 28.Rd7 a4 29.Bc4 Ra5
30.Rd3 Qb4 31.Kh2 Kh8 32.Rd7 Raa8 33.Bd3 Qxe4 34.Bxe4 Bg5 35.Bxc6 Rad8 36.e4 Rxd7
37.Bxd7  1/2-1/2

[Event "TCh-RUS w"]
[Site "Dagomys RUS"]
[Date "2008.04.03"]
[Round "2"]
[White "Kuzevanova,E"]
[Black "Sharevich,A"]
[Result "0-1"]
[WhiteElo "2206"]
[BlackElo "2311"]

1.e4 c5 2.Nf3 e6 3.d4 cxd4 4.Nxd4 a6 5.Bd3 Nf6 6.O-O Qc7 7.c4 Nc6 8.Nxc6 dxc6
9.Qe2 e5 10.Nc3 Bc5 11.Na4 Bg4 12.Qc2 Bd4 13.c5 Be6 14.Kh1 Qe7 15.f4 Ng4
16.f5 Bd7 17.g3 h5 18.h4 Rd8 19.Rb1 Bc8 20.b4 Be3 21.Rf3 Bxc1 22.Rxc1 Rd4
23.Nb6 O-O 24.Nc4 Qf6 25.a3 g5 26.hxg5 Qxg5 27.Re1 f6 28.Nd6 Kg7 29.Kg1 b5
30.Qc1 Qxc1 31.Rxc1 Bd7 32.Rd1 a5 33.Be2 axb4 34.Rxd4 exd4 35.axb4 Ne5 36.Rf2 Ra8
37.Bxh5 Ra1+ 38.Kh2 d3 39.g4 d2 40.g5 d1=Q 41.Bxd1 Rxd1 42.Kg3 Rg1+ 43.Kf4 Ng4
44.gxf6+ Kxf6 45.Rd2 Ne5 46.Rd4 Rg4+ 47.Ke3 Rg3+ 48.Kf4 Rd3  0-1

[Event "TCh-RUS w"]
[Site "Dagomys RUS"]
[Date "2008.04.04"]
[Round "3"]
[White "Zdebskaja,N"]
[Black "Vasilevich,I"]
[Result "1/2-1/2"]
[WhiteElo "2368"]
[BlackElo "2395"]

1.e4 c5 2.Nf3 e6 3.d4 cxd4 4.Nxd4 a6 5.Bd3 Bc5 6.Nb3 Ba7 7.Qg4 Nf6 8.Qg3 d6
9.Nc3 Nc6 10.Bg5 h6 11.Bd2 b5 12.O-O-O b4 13.Ne2 a5 14.Bb5 Bd7 15.Bxc6 Bxc6
16.e5 Nh5 17.Qh3 g6 18.exd6 Bd5 19.Nf4 Nf6 20.Nxd5 Nxd5 21.Qg3 a4 22.Qe5 Kd7
23.Nd4 Bxd4 24.Qxd4 b3 25.a3 bxc2 26.Kxc2 Qf6 27.Qxf6 Nxf6 28.Bb4 Rac8+ 29.Kb1 Nd5
30.Rd4 Rb8 31.Rc1 Rb7 32.Rcc4 Rhb8 33.Rc7+ Rxc7 34.dxc7 Kxc7 35.Bd2 Ra8 36.Bxh6 Kc6
37.Bd2 Kb5 38.Rh4 Rc8 39.Rh7 Rc7 40.Rh8 Kc4 41.Rh4+ Kd3 42.Ba5 Rc4 43.Rxc4 Kxc4
44.Kc2 f5 45.Bd2 e5 46.g3 Nf6 47.Be3 Ng4 48.h3 Nf6 49.Ba7 Ne4 50.h4 Nf6 51.Bb8 Ng4
52.f3 Nh2 53.Bxe5 Nxf3 54.Bf6 Nh2 55.Be5  1/2-1/2

[Event "TCh-ISR"]
[Site "Israel ISR"]
[Date "2008.04.04"]
[Round "6"]
[White "Popilski,G"]
[Black "Neimer,V"]
[Result "1-0"]
[WhiteElo "2345"]
[BlackElo "2309"]

1.e4 c5 2.Nf3 e6 3.d4 cxd4 4.Nxd4 a6 5.Bd3 Bc5 6.Nb3 Be7 7.O-O d6 8.Qg4 Bf6
9.Qe2 Nd7 10.N1d2 Qc7 11.a4 b6 12.Nc4 Bb7 13.Bf4 e5 14.Bd2 Ne7 15.Bb4 Nc5
16.a5 b5 17.Nxd6+ Qxd6 18.Bxc5 Qc6 19.f3 O-O 20.c4 bxc4 21.Bxc4 Rfc8 22.Rac1 Qe8
23.Rfd1 Nc6 24.Bb6 Be7 25.Bd5 Rab8 26.Rc4 Nb4 27.Bxb7 Rxb7 28.Rdc1 Ra8 29.Nc5 Bxc5+
30.Rxc5 Rd7 31.Qc4 Nd3 32.Rc8 Rxc8 33.Qxc8 Re7 34.Rc3 Nxb2 35.Qxa6 Qa4 36.Rc8+ Re8
37.Rxe8+ Qxe8 38.Qe2 Na4 39.Qc4 h6 40.Bf2 Nb2 41.Qe2 Qa4 42.a6 Nd1 43.h3 Nxf2
44.Kxf2 h5 45.Qd3 Kh7 46.Kg3 Qa1 47.Kh2 h4 48.Qd6 f6 49.Qb6 Qe1 50.a7 Qg3+
51.Kh1 Qe1+ 52.Kh2 Qg3+ 53.Kh1 Qe1+ 54.Qg1 Qa5 55.Kh2 g5 56.Qf2 Kg6 57.g3 hxg3+
58.Kxg3 Kh5 59.h4 Qa1 60.hxg5 fxg5 61.Kh2 Qa5 62.Qg1 Kg6 63.Kh3 Qa6 64.Qc5 Kh5
65.Kg3 Qa1 66.Qf2 Qa5 67.Qh2+ Kg6 68.Kg4 Qxa7 69.Qh5+ Kg7 70.Qxg5+ Kh7 71.Qf5+ Kg8
72.Qxe5 Qg1+ 73.Kf5 Qh1 74.Qe8+ Kg7 75.Qg6+ Kf8 76.Ke6 Qxf3 77.Qf6+  1-0

[Event "TCh-RUS w"]
[Site "Dagomys RUS"]
[Date "2008.04.06"]
[Round "5"]
[White "Charochkina,D"]
[Black "Vasilevich,I"]
[Result "1/2-1/2"]
[WhiteElo "2361"]
[BlackElo "2395"]

1.e4 c5 2.Nf3 e6 3.d4 cxd4 4.Nxd4 a6 5.Bd3 Bc5 6.Nb3 Ba7 7.Qe2 Nc6 8.Be3 Nge7
9.Nc3 d6 10.Bxa7 Rxa7 11.Qe3 e5 12.O-O-O Be6 13.Kb1 b5 14.Ne2 Qb8 15.f4 Bg4
16.f5 f6 17.h3 Bxe2 18.Bxe2 O-O 19.g4 Kh8 20.h4 a5 21.g5 a4 22.Nc1 Rd7 23.h5 Ng8
24.h6 fxg5 25.Qxg5 gxh6 26.Qh4 Nd4 27.Bf1 Qb7 28.Rh3 b4 29.Bc4 Qc7 30.b3 d5
31.exd5 Nxf5 32.Qe4 axb3 33.cxb3 Qd6 34.Nd3 Rg7 35.Rf3 Ng3 36.Qxe5 Qxe5 37.Nxe5 Rxf3
38.Nxf3 Ne4 39.Re1 Ngf6 40.Kc1 Rg2 41.Bd3 Nc3 42.d6 Nxa2+ 43.Kb1 Nc3+ 44.Kc1 Na2+  1/2-1/2

[Event "TCh-RUS w"]
[Site "Dagomys RUS"]
[Date "2008.04.07"]
[Round "6"]
[White "Kosintseva,N"]
[Black "Kursova,M"]
[Result "1/2-1/2"]
[WhiteElo "2468"]
[BlackElo "2322"]

1.e4 c5 2.Nf3 e6 3.d4 cxd4 4.Nxd4 a6 5.Bd3 Bc5 6.Nb3 Be7 7.Qg4 g6 8.Qe2 d6
9.c4 Nd7 10.Nc3 Qc7 11.O-O Ne5 12.h3 b6 13.a4 Nf6 14.a5 bxa5 15.Nxa5 O-O
16.Bc2 Bd7 17.Bg5 Rfc8 18.b3 Be8 19.f4 Ned7 20.f5 Qb6+ 21.Be3 Qb8 22.Nd1 Bf8
23.fxe6 fxe6 24.Nf2 Bf7 25.Bd4 Ne5 26.b4  1/2-1/2

[Event "TCh-RUS w"]
[Site "Dagomys RUS"]
[Date "2008.04.08"]
[Round "7"]
[White "Kochetkova,J"]
[Black "Sharevich,A"]
[Result "0-1"]
[WhiteElo "2316"]
[BlackElo "2311"]

1.e4 c5 2.Nf3 e6 3.d4 cxd4 4.Nxd4 a6 5.Bd3 Nf6 6.O-O Qc7 7.Qe2 d6 8.c4 g6
9.Nc3 Bg7 10.Be3 O-O 11.Rac1 b6 12.h3 Bb7 13.Rfd1 Nbd7 14.Nf3 Nc5 15.Bf4 Nh5
16.Bh2 Bh6 17.b4 Bxc1 18.Rxc1 Nxd3 19.Qxd3 e5 20.Qe3 Rac8 21.Na4 f5 22.Nxb6 f4
23.Qb3 Qxb6 24.c5+ Kh8 25.g4 Qc6 26.Ng5 Ng7 27.a4 dxc5 28.Rxc5 Qf6  0-1

[Event "FSIM April"]
[Site "Budapest HUN"]
[Date "2008.04.11"]
[Round "7"]
[White "Darazs,Z"]
[Black "Szeberenyi,A"]
[Result "1/2-1/2"]
[WhiteElo "2246"]
[BlackElo "2325"]

1.e4 c5 2.Nf3 e6 3.d4 cxd4 4.Nxd4 a6 5.Bd3 Bc5 6.Nb3 Ba7 7.O-O Nc6 8.Nc3 Nge7
9.Qe2 d6 10.Be3 e5 11.Bxa7 Rxa7 12.a4 Be6 13.Bc4 O-O 14.Rad1 b6 15.Nd5 Bxd5
16.Bxd5 Nxd5 17.Rxd5 Ne7 18.Rd2 Qb8 19.Rfd1 Rd8  1/2-1/2

[Event "TCh-RUS w"]
[Site "Dagomys RUS"]
[Date "2008.04.11"]
[Round "9"]
[White "Zdebskaja,N"]
[Black "Kursova,M"]
[Result "1-0"]
[WhiteElo "2368"]
[BlackElo "2322"]

1.e4 c5 2.Nf3 e6 3.d4 cxd4 4.Nxd4 a6 5.Bd3 Bc5 6.Nb3 Be7 7.Qg4 g6 8.Qe2 d6
9.O-O Nd7 10.Na3 h5 11.Nc4 Ngf6 12.Bf4 e5 13.Bd2 O-O 14.a4 b6 15.f4 Bb7 16.f5 Rc8
17.Kh1 Re8 18.Rad1 Qc7 19.fxg6 fxg6 20.Qf3 Bf8 21.Bg5 Bg7 22.Nxd6 Rf8 23.Nxc8 Qxc8
24.Qe2 Qc6 25.Bc4+ Kh7 26.Bxf6 Nxf6 27.Bd5 Nxd5 28.Rxf8 Nc3 29.bxc3 Bxf8
30.Nd2 Qxa4 31.Nf3 Bh6 32.c4 Qe8 33.Qd3 Bc6 34.Qd6 Bxe4 35.Qc7+  1-0

[Event "FSIM April"]
[Site "Budapest HUN"]
[Date "2008.04.13"]
[Round "9"]
[White "Lengyel,B"]
[Black "Szeberenyi,A"]
[Result "1/2-1/2"]
[WhiteElo "2267"]
[BlackElo "2325"]

1.e4 c5 2.Nf3 e6 3.d4 cxd4 4.Nxd4 a6 5.Bd3 Bc5 6.Nb3 Ba7 7.Qe2 Nc6 8.Be3 Nge7
9.Nc3 e5 10.O-O d6 11.Bxa7 Rxa7 12.Qe3 Be6 13.Rad1 O-O 14.Rd2 b5 15.Rfd1 Qb8
16.Bf1 Rd8 17.g3 Rad7  1/2-1/2

[Event "Gausdal Classics GMB"]
[Site "Gausdal NOR"]
[Date "2008.04.16"]
[Round "9"]
[White "Bromberger,S"]
[Black "Kveinys,A"]
[Result "0-1"]
[WhiteElo "2487"]
[BlackElo "2515"]

1.e4 c5 2.Nf3 e6 3.d4 cxd4 4.Nxd4 a6 5.Bd3 Nf6 6.O-O Qc7 7.Qe2 d6 8.f4 Nc6
9.Nxc6 bxc6 10.Nd2 Nd7 11.b3 Be7 12.Bb2 O-O 13.Rf3 e5 14.Raf1 exf4 15.Rxf4 Ne5
16.Nf3 Ng6 17.Rf5 Bxf5 18.exf5 Nf4 19.Qf2 Nxd3 20.cxd3 Qd8 21.g4 Bf6 22.Bc1 Qa5
23.g5 Bd8 24.f6 Bb6 25.d4 Rfe8 26.g6 hxg6 27.fxg7 Re4 28.Kh1 Qd5  0-1

[Event "Open"]
[Site "Senj CRO"]
[Date "2008.04.16"]
[Round "1"]
[White "Prlac,V"]
[Black "Loncar,R"]
[Result "1/2-1/2"]
[WhiteElo "2100"]
[BlackElo "2441"]

1.e4 c5 2.Nf3 e6 3.d4 cxd4 4.Nxd4 a6 5.Bd3 Nf6 6.O-O d6 7.c4 b6 8.Nc3 Bb7
9.Be3 Nbd7 10.f3 Be7 11.Rc1 O-O 12.Qd2 Rc8 13.b3 Qc7 14.Rfd1 Qb8 15.Bf1 Rfe8
16.Bf2 Ne5 17.Kh1 Ng6 18.a4 Bd8 19.Bg1 Bc7 20.Nc2 Rcd8 21.Ne3 Rd7 22.Rb1 Qd8
23.Qc2 h6 24.Re1 Qa8 25.Rbd1 Red8 26.Bf2 Qb8 27.Bg1 Ne7 28.Qb2 Qa8 29.Bf2 Ng6
30.Qc2 Re8 31.Qb2 Qd8 32.Qc2 Nh5 33.Qd2 Ne5 34.Ng4 Ng6 35.Ne3 Bb8 36.Bg1 d5
37.g4 Ne5 38.Bg2 d4 39.gxh5 dxc3 40.Qxc3 Nd3 41.Re2 Be5 42.Qc2 Nf4 43.Rxd7 Qxd7
44.Rd2 Qe7 45.Ng4 Bc7 46.Qd1 Bc6 47.Bf1 Qg5 48.b4 f5 49.Nf2 fxe4 50.Nxe4 Qxh5
51.b5 axb5 52.axb5 Ba8 53.Rd7 Be5 54.Rd2 Bc7 55.Rd7 Be5 56.Rd2 Rb8 57.Rd8+ Rxd8
58.Qxd8+ Kh7 59.Nf6+ Bxf6 60.Qxa8 Qf5 61.Qe4 Qxe4 62.fxe4 Bd8 63.c5 bxc5
64.Bxc5 Bc7 65.Ba7 Bd6 66.Kg1 g5 67.Be3 Kg6 68.Bxf4 Bxf4 69.h3 Be3+ 70.Kg2 Kf6
71.Kf3 Bb6 72.Kg4 Kg6 73.Bc4 h5+ 74.Kg3 Kf6 75.Be2 Ke5 76.Bc4  1/2-1/2

[Event "Copenhagen Chess Challenge"]
[Site "Ballerup DEN"]
[Date "2008.04.17"]
[Round "3"]
[White "Nilsson,S"]
[Black "Glud,J"]
[Result "0-1"]
[WhiteElo "2215"]
[BlackElo "2456"]

1.e4 c5 2.Nf3 e6 3.d4 cxd4 4.Nxd4 a6 5.Bd3 Bc5 6.Nb3 Be7 7.O-O d6 8.Qg4 g6
9.Qe2 Nd7 10.Na3 Ne5 11.Nc4 Nxc4 12.Bxc4 Bd7 13.Rd1 Qc7 14.Bf4 Rc8 15.Nd2 e5
16.Be3 Nf6 17.Bb3 O-O 18.Bg5 Bg4 19.f3 Be6 20.Nf1 Nh5 21.Bxe7 Qxe7 22.Ne3 Nf4
23.Qd2 Rfd8 24.c3 Rc5 25.g3 Nh5 26.Nd5 Bxd5 27.Bxd5 Nf6 28.Bb3 Kg7 29.Qd3 h5
30.Rd2 h4 31.g4 Nh7 32.Rad1 Ng5 33.Qe3 Nh3+ 34.Kh1 Qf6 35.Kg2 Nf4+ 36.Kh1 Rc6
37.Bd5 Rc7 38.Rf1 Rdd7 39.Qg1 Qg5 40.Qe3 b5 41.Bb3 Qf6 42.Qg1 Qg5 43.Qe3 a5
44.Qb6 a4 45.Bc2 a3 46.Qxb5 Rb7 47.Qc6 axb2 48.Bb3 Rdc7 49.Qa6 Ra7 50.Qb6 Rcb7
51.Qe3 Rxb3 52.axb3 Ra1 53.Rdd1 Nh3 54.Qe1 Rxd1 55.Qxd1 Qe3 56.Qc2 Nf2+ 57.Kg2 h3+
58.Kg3 Qf4+ 59.Kh4 g5+  0-1

[Event "Japfa WGM"]
[Site "Jakarta INA"]
[Date "2008.04.19"]
[Round "9"]
[White "Sukandar,I"]
[Black "Li Ruofan"]
[Result "1-0"]
[WhiteElo "2243"]
[BlackElo "2423"]

1.e4 c5 2.Nf3 e6 3.d4 cxd4 4.Nxd4 a6 5.Bd3 Bc5 6.Nb3 Ba7 7.Qe2 Nc6 8.Be3 Bxe3
9.Qxe3 e5 10.Nc3 Nge7 11.O-O d6 12.Rad1 O-O 13.Be2 Be6 14.Nd5 f5 15.Bc4 Kh8
16.Nb6 Bxc4 17.Nxc4 Rf6 18.f4 exf4 19.Rxf4 Re6 20.Nc5 Rf6 21.Nxb7 Qc7 22.Nbxd6 Rd8
23.e5  1-0

[Event "26th Metz Open"]
[Site "Metz St Symphorien FRA"]
[Date "2008.04.19"]
[Round "1"]
[White "Marchal,C"]
[Black "Feller,S"]
[Result "0-1"]
[WhiteElo "1914"]
[BlackElo "2540"]

1.e4 c5 2.Nf3 e6 3.d4 cxd4 4.Nxd4 a6 5.Bd3 d5 6.e5 Nc6 7.Nf3 h6 8.c3 g5 9.Qe2 Bg7
10.h3 Qc7 11.Na3 Nxe5 12.Nxe5 Bxe5 13.Nc2 Bd7 14.Nd4 Ne7 15.Qh5 Bg7 16.O-O e5
17.Nc2 Be6 18.Re1 O-O-O 19.Bd2 Kb8 20.a4 e4 21.Bf1 Ng6 22.Nd4 Nf4 23.Qd1 Bc8
24.b4 Ne6 25.Nxe6 Bxe6 26.Qb3 d4 27.c4 d3 28.Rac1 f5 29.b5 a5 30.b6 Qc5 31.Qb5 Bd4
32.Qxc5 Bxc5 33.Rb1 Bd7  0-1

[Event "II Open"]
[Site "La Laguna ESP"]
[Date "2008.04.21"]
[Round "1"]
[White "Martin Ortega,O"]
[Black "Miezis,N"]
[Result "0-1"]
[WhiteElo "1828"]
[BlackElo "2551"]

1.e4 c5 2.Nf3 e6 3.d4 cxd4 4.Nxd4 a6 5.Bd3 Nc6 6.Be3 Nf6 7.O-O Qc7 8.Qe2 e5
9.Nxc6 dxc6 10.c4 Nd7 11.Nc3 Nc5 12.Bc2 Be7 13.f3 Ne6 14.Qf2 b5 15.cxb5 axb5
16.a3 O-O 17.Rfc1 Qb8 18.b4 Rd8 19.Ne2 Bf6 20.Rd1 Rxd1+ 21.Bxd1 Qd6 22.g3 Ng5
23.Kg2 Bh3+ 24.Kh1 h6 25.Bc2 Be6 26.Nc3 Bc4 27.Bc5 Qd7 28.a4 Qh3 29.a5 Ne6
30.Ne2 Nxc5 31.bxc5 Bg5 32.f4 Be7 33.Ng1 Qd7 34.Nf3 exf4 35.gxf4 Qc7 36.Qe3 Rxa5
37.Rxa5 Qxa5 38.Kg2 Qa2 39.Qf2 Bxc5 40.Qxc5 Qxc2+  0-1

[Event "IX EICC"]
[Site "Plovdiv BUL"]
[Date "2008.04.22"]
[Round "2"]
[White "Predojevic,B"]
[Black "Popovic,Milo2"]
[Result "1-0"]
[WhiteElo "2651"]
[BlackElo "2387"]

1.e4 c5 2.Nf3 e6 3.d4 cxd4 4.Nxd4 a6 5.Bd3 b5 6.O-O Bb7 7.a4 b4 8.Nd2 Nc6
9.Nxc6 Bxc6 10.b3 Nf6 11.Bb2 Be7 12.Qe2 a5 13.Rad1 Qc7 14.Nf3 O-O 15.Nd4 Bb7
16.Kh1 Qf4 17.f3 d5 18.e5 Nd7 19.Bb5 Nc5 20.Rfe1 Qh6 21.Bc1 Bg5 22.Bxg5 Qxg5
23.c3 bxc3 24.Qe3 Qe7 25.Rc1 Rfc8 26.Rxc3 Na6 27.Bxa6 Bxa6 28.Rec1 Qa3 29.h3 h6
30.Rxc8+ Rxc8 31.Rxc8+ Bxc8 32.Qc3 Ba6 33.Kh2 Qa2 34.Kg3 Bf1 35.Qc2 Qxc2
36.Nxc2 f6 37.f4 g5 38.Nd4 gxf4+ 39.Kxf4 fxe5+ 40.Kxe5 Bxg2 41.h4 Bh3 42.Kf6 Kh7
43.b4 axb4 44.a5 e5 45.a6 Bc8 46.a7 Bb7 47.Kxe5 Kg6 48.Kd6 Kf6 49.Kc7 Ba8
50.Kb8 Ke5 51.Kxa8 Kxd4 52.Kb7 b3 53.a8=Q Kc3 54.Qa5+  1-0

[Event "IX EICC"]
[Site "Plovdiv BUL"]
[Date "2008.04.22"]
[Round "2"]
[White "Todorovic,J"]
[Black "Nitelea,B"]
[Result "1-0"]
[WhiteElo "2406"]
[BlackElo "2090"]

1.e4 c5 2.Nf3 e6 3.d4 cxd4 4.Nxd4 a6 5.Bd3 Nf6 6.O-O Qc7 7.Kh1 h5 8.f4 Ng4
9.Nf3 Bc5 10.Qe2 Nc6 11.Nc3 Nd4 12.Nxd4 Bxd4 13.e5 Qd8 14.Ne4 Nxh2 15.Be3 Ng4
16.Rf3 Nxe3 17.Rxe3 Bxe3 18.Nd6+ Kf8 19.Qxe3 h4 20.Kh2 f5 21.Rf1 b6 22.b4 Qc7
23.Bxf5 exf5 24.Qb3 Qxd6 25.exd6 Bb7 26.Qe3 Re8 27.Qxb6 Bc6 28.Qxa6 Rh6 29.Qd3 Be4
30.Qc3 Ree6 31.Rd1 Rhg6 32.Rd2 Bc6 33.Qc5 Rg3 34.b5 Be4 35.Qc8+ Re8 36.Qxd7 Rc3
37.b6 h3 38.b7 Rb8 39.Qe7+ Kg8 40.d7 hxg2 41.Qe8+  1-0